Around The World in 80 Days

Bibliographic Details
Main Author: Jules Verne
Format: Book
Published: Kuala Lumpur : Scholar's , 2005
Series:Illustrated Classic Series
Subjects:

MARC

LEADER 00000cam a2200000 7i4500
001 0000049714
005 20150704.0
008 150704
020 |a 9789833435104 
020 |a 9833436104 
090 0 0 |a CT   |b ENG 
100 1 |a Jules Verne 
245 1 0 |a Around The World in 80 Days   |c Jules Verne 
260 |a Kuala Lumpur :   |b Scholar's ,   |c 2005 
300 |a 224pg. :   |b Col.ill 
490 1 |a Illustrated Classic Series 
650 0 |a English Fiction 
999 |a 0000869219   |b Book   |c Children Collection   |e Cawangan Segamat 
999 |a 0000869220   |b Book   |c Children Collection   |e Cawangan Segamat 
999 |a 0000880340   |b Book   |c Children Collection   |e Cawangan Segamat 
999 |a 0001080141   |b Book   |c Children Collection   |e Cawangan Taman Universiti 
999 |a 0001080146   |b Book   |c Children Collection   |e Cawangan Mersing 
999 |a 0001080195   |b Book   |c Children Collection   |e Cawangan Bukit Gambir